[Event "Titled Tuesday intern op 7th July"]
[Site "Chess.com INT"]
[Date "2020.07.07"]
[Round "5"]
[White "Mukhutdinov, Tigran"]
[Black "Tarasenka, Aliaksandra"]
[Result "1-0"]
[WhiteElo "2286"]
[BlackElo "2070"]
[PlyCount "53"]
[EventDate "2020.07.07"]
[EventType "swiss (blitz)"]
[EventRounds "10"]
[EventCountry "USA"]
[SourceTitle "CBM 197 Extra"]
[Source "ChessBase"]
[SourceDate "2020.09.30"]
[SourceVersion "1"]
[SourceVersionDate "2020.09.30"]
[SourceQuality "1"]

1. Nf3 f5 2. d3 Nc6 3. e4 e5 4. Nc3 Nf6 5. d4 exd4 6. Nxd4 fxe4 7. Bg5 Bb4 8. Nxc6 bxc6 9. Qd4 Qe7 10. 0-0-0 Bxc3 11. Qxc3 0-0 12. f3 exf3 13. gxf3 Qf7 14. Bc4 d5 15. Bd3 Bd7 16. Rhg1 Kh8 17. Kb1 Rab8 18. Be3 Ne8 19. Bxa7 Ra8 20. Bd4 Rg8 21. h4 Nd6 22. h5 c5 23. Qxc5 Bf5 24. h6 Ne8 25. Qc3 Bg6 26. Bxg6 hxg6 27. Rh1 1-0

[Event "Titled Tuesday intern op 7th July"]
[Site "Chess.com INT"]
[Date "2020.07.07"]
[Round "10"]
[White "Nasuta, Grzegorz"]
[Black "Mukhutdinov, Tigran"]
[Result "1-0"]
[WhiteElo "2558"]
[BlackElo "2286"]
[PlyCount "133"]
[EventDate "2020.07.07"]
[EventType "swiss (blitz)"]
[EventRounds "10"]
[EventCountry "USA"]
[SourceTitle "CBM 197 Extra"]
[Source "ChessBase"]
[SourceDate "2020.09.30"]
[SourceVersion "1"]
[SourceVersionDate "2020.09.30"]
[SourceQuality "1"]

1. e4 c5 2. Nf3 Nc6 3. Bb5 g6 4. Bxc6 dxc6 5. d3 Bg7 6. h3 Nf6 7. Nc3 Nd7 8. Be3 e5 9. Qd2 h6 10. 0-0 b6 11. Nh2 Nf8 12. f4 exf4 13. Bxf4 Ne6 14. Bg3 Nd4 15. e5 Bf5 16. Rae1 0-0 17. Ne4 Bxe4 18. Rxe4 h5 19. Nf3 Nxf3+ 20. Rxf3 Re8 21. Bh4 Qd7 22. Bf6 Re6 23. Qg5 Rae8 24. Bxg7 Kxg7 25. Rfe3 Qd8 26. Qf4 Qd5 27. b3 Rf8 28. a4 f6 29. exf6+ Rfxf6 30. Qb8 Rxe4 31. Rxe4 Rf7 32. Qe5+ Qxe5 33. Rxe5 Kf6 34. Re8 Rc7 35. Kf2 Kf7 36. Ra8 Ke6 37. Ke3 Kd5 38. Rg8 Re7+ 39. Kd2 Re6 40. Rg7 a6 41. Rd7+ Ke5 42. Ra7 a5 43. Rb7 Rf6 44. Ke3 Kd5 45. Rxb6 Re6+ 46. Kf3 Rf6+ 47. Ke3 Re6+ 48. Kf3 Rf6+ 49. Kg3 g5 50. h4 gxh4+ 51. Kxh4 Rg6 52. g3 Rg4+ 53. Kh3 Rg5 54. Ra6 Kd4 55. Rxa5 Kc3 56. Ra6 Kxc2 57. Rxc6 Kxb3 58. a5 Kb4 59. a6 Kb5 60. a7 Rg8 61. Rc7 Ra8 62. Kh4 Kb6 63. Rd7 Kc6 64. Rh7 Kb6 65. Kxh5 Rd8 66. g4 Rd5+ 67. g5 1-0

[Event "Titled Tuesday intern op 30th June"]
[Site "Chess.com INT"]
[Date "2020.06.30"]
[Round "1"]
[White "Hernandez Jimenez, Alexander Andres"]
[Black "Mukhutdinov, Tigran"]
[Result "0-1"]
[WhiteElo "2132"]
[BlackElo "2286"]
[PlyCount "56"]
[EventDate "2020.06.30"]
[EventType "swiss (blitz)"]
[EventRounds "10"]
[EventCountry "USA"]
[SourceTitle "CBM 197 Extra"]
[Source "ChessBase"]
[SourceDate "2020.09.30"]
[SourceVersion "1"]
[SourceVersionDate "2020.09.30"]
[SourceQuality "1"]

1. e4 c5 2. Nf3 Nc6 3. d4 cxd4 4. Nxd4 e5 5. Nb5 d6 6. N1c3 a6 7. Na3 b5 8. Nd5 Nce7 9. c4 Nxd5 10. cxd5 f5 11. Bd3 fxe4 12. Bxe4 Nf6 13. Bf3 Be7 14. Bh5+ Nxh5 15. Qxh5+ g6 16. Qf3 Bf5 17. g4 Bd7 18. Bh6 Qa5+ 19. Kf1 Qa4 20. h3 g5 21. Kg2 Rg8 22. h4 Bxg4 23. Qe3 gxh4 24. Kh2 Qd4 25. Rhg1 0-0-0 26. Rac1+ Kb7 27. Nc2 Qxe3 28. Nxe3 Bd7 0-1

[Event "Titled Tuesday intern op 30th June"]
[Site "Chess.com INT"]
[Date "2020.06.30"]
[Round "2"]
[White "Kushagra, Mohan"]
[Black "Mukhutdinov, Tigran"]
[Result "0-1"]
[WhiteElo "2351"]
[BlackElo "2286"]
[PlyCount "62"]
[EventDate "2020.06.30"]
[EventType "swiss (blitz)"]
[EventRounds "10"]
[EventCountry "USA"]
[SourceTitle "CBM 197 Extra"]
[Source "ChessBase"]
[SourceDate "2020.09.30"]
[SourceVersion "1"]
[SourceVersionDate "2020.09.30"]
[SourceQuality "1"]

1. e4 c5 2. Nf3 Nc6 3. d4 cxd4 4. Nxd4 e5 5. Nb5 d6 6. c4 Be7 7. N5c3 Nf6 8. Bd3 0-0 9. 0-0 Be6 10. Nd5 Rc8 11. Nbc3 Nd7 12. Nxe7+ Qxe7 13. Be3 Nc5 14. Be2 a5 15. b3 f5 16. exf5 Bxf5 17. Nb5 Rcd8 18. Qc1 Ne6 19. Qc3 Bg6 20. Rad1 Ncd4 21. Bxd4 exd4 22. Qxa5 Nf4 23. Bf3 d3 24. Rfe1 Qg5 25. Qd2 Bh5 26. Bd5+ Kh8 27. h4 Ne2+ 28. Kf1 Qxh4 29. g3 Rxf2+ 30. Kxf2 Qxg3+ 31. Kf1 Qg1# 0-1

[Event "Titled Tuesday intern op 30th June"]
[Site "Chess.com INT"]
[Date "2020.06.30"]
[Round "6"]
[White "Livaic, Leon"]
[Black "Mukhutdinov, Tigran"]
[Result "0-1"]
[WhiteElo "2507"]
[BlackElo "2286"]
[PlyCount "74"]
[EventDate "2020.06.30"]
[EventType "swiss (blitz)"]
[EventRounds "10"]
[EventCountry "USA"]
[SourceTitle "CBM 197 Extra"]
[Source "ChessBase"]
[SourceDate "2020.09.30"]
[SourceVersion "1"]
[SourceVersionDate "2020.09.30"]
[SourceQuality "1"]

1. e4 c5 2. Nc3 Nc6 3. Bb5 Nd4 4. Nf3 Nxb5 5. Nxb5 d6 6. 0-0 Nf6 7. Nc3 e5 8. d3 Be7 9. Bg5 Nd7 10. Bxe7 Qxe7 11. Nd5 Qd8 12. c3 0-0 13. d4 exd4 14. cxd4 Nf6 15. Nxf6+ Qxf6 16. e5 dxe5 17. dxe5 Qg6 18. Qd6 b6 19. Qxg6 hxg6 20. Nd2 Re8 21. f4 Bb7 22. Nc4 Ba6 23. b3 Rad8 24. Rfd1 Bxc4 25. bxc4 f6 26. exf6 gxf6 27. g3 Kf7 28. Kf2 Rd4 29. Rxd4 cxd4 30. Rd1 Re4 31. Kf3 f5 32. g4 Ke6 33. gxf5+ Kxf5 34. Rd3 Rxf4+ 35. Kg2 Ke4 36. Ra3 a5 37. Rb3 Rf6 0-1

[Event "Titled Tuesday intern op 30th June"]
[Site "Chess.com INT"]
[Date "2020.06.30"]
[Round "3"]
[White "Mukhutdinov, Tigran"]
[Black "Mchedlishvili, Mikheil"]
[Result "0-1"]
[WhiteElo "2286"]
[BlackElo "2570"]
[PlyCount "124"]
[EventDate "2020.06.30"]
[EventType "swiss (blitz)"]
[EventRounds "10"]
[EventCountry "USA"]
[SourceTitle "CBM 197 Extra"]
[Source "ChessBase"]
[SourceDate "2020.09.30"]
[SourceVersion "1"]
[SourceVersionDate "2020.09.30"]
[SourceQuality "1"]

1. Nf3 Nf6 2. g3 d5 3. Bg2 c6 4. c4 Bg4 5. Ne5 Be6 6. cxd5 Bxd5 7. Nf3 c5 8. Nc3 Bc6 9. d3 Nbd7 10. 0-0 e5 11. Ng5 Bxg2 12. Qb3 Qe7 13. Kxg2 Nb6 14. Nge4 Nxe4 15. dxe4 c4 16. Qb5+ Qd7 17. Qxe5+ Qe6 18. Qb5+ Qc6 19. Rd1 Bc5 20. Bf4 0-0 21. Qxc6 bxc6 22. Bd6 Bxd6 23. Rxd6 Rfc8 24. a4 a5 25. Rad1 Rab8 26. e5 h6 27. e6 fxe6 28. Rxe6 Nd5 29. Rd2 Rc7 30. Nxd5 cxd5 31. Rd6 Rb4 32. R6xd5 Rxa4 33. Rc2 Rb7 34. Rc5 Rbb4 35. Rc8+ Kh7 36. Rc7 Ra2 37. Rd2 Rb6 38. Rdd7 Rg6 39. Rb7 c3 40. bxc3 Rxe2 41. Re7 Rxe7 42. Rxe7 Ra6 43. Re2 Kg6 44. Kf3 Kf5 45. Ke3 Re6+ 46. Kd3 Rxe2 47. Kxe2 Ke4 48. f3+ Kd5 49. Kd3 a4 50. c4+ Kc5 51. Kc3 a3 52. f4 a2 53. Kb2 Kxc4 54. g4 Kd4 55. g5 Ke4 56. gxh6 gxh6 57. Kxa2 Kxf4 58. Kb2 Kg4 59. Kc2 Kh3 60. Kd2 Kxh2 61. Ke3 Kg3 62. Ke2 Kg2 0-1

[Event "Titled Tuesday intern op 30th June"]
[Site "Chess.com INT"]
[Date "2020.06.30"]
[Round "10"]
[White "Oliveira, Silvio Eduardo"]
[Black "Mukhutdinov, Tigran"]
[Result "0-1"]
[WhiteElo "2280"]
[BlackElo "2286"]
[PlyCount "68"]
[EventDate "2020.06.30"]
[EventType "swiss (blitz)"]
[EventRounds "10"]
[EventCountry "USA"]
[SourceTitle "CBM 197 Extra"]
[Source "ChessBase"]
[SourceDate "2020.09.30"]
[SourceVersion "1"]
[SourceVersionDate "2020.09.30"]
[SourceQuality "1"]

1. e4 c5 2. Nf3 Nc6 3. d4 cxd4 4. Nxd4 e5 5. Nb5 d6 6. N1c3 a6 7. Na3 b5 8. Nd5 Nce7 9. c4 Nxd5 10. exd5 bxc4 11. Nxc4 Nf6 12. Be3 Rb8 13. Be2 Be7 14. 0-0 0-0 15. a4 Bb7 16. Nb6 Nd7 17. a5 f5 18. f3 Nxb6 19. Bxb6 Qd7 20. Rc1 Rfc8 21. Qb3 g6 22. Qe3 Bf6 23. Bc4 f4 24. Qe4 Bd8 25. g3 fxg3 26. hxg3 Qh3 27. Bf2 Bxa5 28. f4 Re8 29. Bd3 Bc8 30. fxe5 Bf5 31. Qf3 Rxe5 32. Rc6 Bxd3 33. Qxd3 Rh5 34. Bd4 Qh2# 0-1

[Event "Titled Tuesday intern op 9th June"]
[Site "Chess.com INT"]
[Date "2020.06.09"]
[Round "10"]
[White "Grabinsky, Aaron"]
[Black "Mukhutdinov, Tigran"]
[Result "1-0"]
[WhiteElo "2461"]
[BlackElo "2286"]
[PlyCount "79"]
[EventDate "2020.06.09"]
[EventType "swiss (blitz)"]
[EventRounds "10"]
[EventCountry "USA"]
[SourceTitle "CBM 196 Extra"]
[Source "ChessBase"]
[SourceDate "2020.07.31"]
[SourceVersion "1"]
[SourceVersionDate "2020.07.31"]
[SourceQuality "1"]

1. b3 e5 2. Bb2 Nc6 3. e3 Nf6 4. Nf3 d6 5. d4 exd4 6. Nxd4 Nxd4 7. Qxd4 Be7 8. Nc3 0-0 9. Nd5 c6 10. Nxe7+ Qxe7 11. Bd3 d5 12. Qh4 h6 13. g4 Re8 14. g5 Ne4 15. Bxe4 Qb4+ 16. c3 Qxe4 17. Qxe4 Rxe4 18. gxh6 gxh6 19. Ke2 Bf5 20. f3 Re6 21. Rhg1+ Bg6 22. Kf2 Rae8 23. Rae1 Kh7 24. Rg4 Bh5 25. Rf4 Bg6 26. h4 h5 27. c4 dxc4 28. Rxc4 Rd8 29. Re2 Red6 30. e4 Rd2 31. Rc5 Rxe2+ 32. Kxe2 Rd6 33. Ra5 a6 34. Re5 Re6 35. Rxe6 fxe6 36. Ke3 Kg8 37. Kd4 b6 38. Ke5 Bf7 39. Kd6 Be8 40. Kxe6 1-0

[Event "Titled Tuesday intern op 9th June"]
[Site "Chess.com INT"]
[Date "2020.06.09"]
[Round "6"]
[White "Martemianov, Iaroslav"]
[Black "Mukhutdinov, Tigran"]
[Result "1-0"]
[WhiteElo "2365"]
[BlackElo "2286"]
[PlyCount "69"]
[EventDate "2020.06.09"]
[EventType "swiss (blitz)"]
[EventRounds "10"]
[EventCountry "USA"]
[SourceTitle "CBM 196 Extra"]
[Source "ChessBase"]
[SourceDate "2020.07.31"]
[SourceVersion "1"]
[SourceVersionDate "2020.07.31"]
[SourceQuality "1"]

1. e4 c5 2. Nf3 Nc6 3. d4 cxd4 4. Nxd4 e5 5. Nb5 d6 6. N1c3 a6 7. Na3 b5 8. Nd5 Nce7 9. c4 Nxd5 10. exd5 bxc4 11. Nxc4 Nf6 12. Be2 Be7 13. 0-0 0-0 14. Be3 Rb8 15. a3 Bb7 16. Nb6 Nd7 17. Nxd7 Qxd7 18. b4 f5 19. g3 f4 20. Bg4 Qd8 21. Be6+ Kh8 22. Bd2 Bc8 23. Qg4 Bxe6 24. dxe6 Qb6 25. Rac1 Rf6 26. Kh1 Rbf8 27. gxf4 exf4 28. Qf3 Rxe6 29. Rc6 Qb7 30. Rfc1 Rg6 31. h3 Qb5 32. Rc7 Bh4 33. Rf7 Re8 34. Rxf4 Bg5 35. Rf8+ 1-0

[Event "Titled Tuesday intern op 9th June"]
[Site "Chess.com INT"]
[Date "2020.06.09"]
[Round "7"]
[White "Mukhutdinov, Tigran"]
[Black "Manukian, Artak"]
[Result "1-0"]
[WhiteElo "2286"]
[BlackElo "2196"]
[PlyCount "115"]
[EventDate "2020.06.09"]
[EventType "swiss (blitz)"]
[EventRounds "10"]
[EventCountry "USA"]
[SourceTitle "CBM 196 Extra"]
[Source "ChessBase"]
[SourceDate "2020.07.31"]
[SourceVersion "1"]
[SourceVersionDate "2020.07.31"]
[SourceQuality "1"]

1. Nf3 c6 2. g3 d5 3. Bg2 Bg4 4. 0-0 Nd7 5. d4 Ngf6 6. Nbd2 e6 7. Re1 Be7 8. e4 dxe4 9. Nxe4 Nxe4 10. Rxe4 Nf6 11. Re1 0-0 12. c3 a5 13. Qb3 Qc8 14. Ne5 Bf5 15. a4 Nd7 16. Nc4 g5 17. h4 gxh4 18. Bf4 hxg3 19. fxg3 Rd8 20. Nd6 Bxd6 21. Bxd6 Nf8 22. Be5 Ng6 23. Bf6 Qc7 24. Bxd8 Rxd8 25. Re3 e5 26. dxe5 Nxe5 27. Rae1 Ng4 28. Re8+ Rxe8 29. Rxe8+ Kg7 30. c4 Qd7 31. Qc3+ f6 32. Re1 h5 33. c5 Ne5 34. Qe3 Kg6 35. Be4 Ng4 36. Bxf5+ Kxf5 37. Rf1+ Kg6 38. Qe4+ f5 39. Qf4 Qd5 40. Qd6+ Nf6 41. Qxd5 Nxd5 42. Re1 Kf6 43. Re8 Nb4 44. Rb8 Nd3 45. Rxb7 Ke5 46. Ra7 Nxb2 47. Rxa5 Kd5 48. Ra8 Kxc5 49. a5 Nc4 50. Rf8 Nd6 51. a6 Kb6 52. Kg2 Kxa6 53. Rf6 Ne4 54. Rxc6+ Kb5 55. Rh6 Kc5 56. Rxh5 Nd6 57. Kf3 Kd4 58. Kf4 1-0

[Event "Titled Tuesday intern op 9th June"]
[Site "Chess.com INT"]
[Date "2020.06.09"]
[Round "2"]
[White "Mukhutdinov, Tigran"]
[Black "Vifleemskaia, Svetlana"]
[Result "1-0"]
[WhiteElo "2286"]
[BlackElo "1943"]
[PlyCount "151"]
[EventDate "2020.06.09"]
[EventType "swiss (blitz)"]
[EventRounds "10"]
[EventCountry "USA"]
[SourceTitle "CBM 196 Extra"]
[Source "ChessBase"]
[SourceDate "2020.07.31"]
[SourceVersion "1"]
[SourceVersionDate "2020.07.31"]
[SourceQuality "1"]

1. Nf3 Nc6 2. d4 d5 3. e3 Bg4 4. h3 Bxf3 5. Qxf3 e5 6. Bb5 exd4 7. exd4 a6 8. Bxc6+ bxc6 9. 0-0 Nf6 10. Re1+ Be7 11. Qe2 Qd7 12. Bd2 Kf8 13. Nc3 a5 14. Qf3 h6 15. Na4 g5 16. Nc5 Qd6 17. b4 Kg7 18. bxa5 Rhe8 19. Bb4 Rab8 20. a3 Qd8 21. a6 Ra8 22. Qf5 Bxc5 23. Bxc5 Rxa6 24. f3 Ra8 25. Re5 Qd7 26. Qd3 Re6 27. a4 Qc8 28. a5 Nd7 29. Rxe6 Nxc5 30. dxc5 Qxe6 31. a6 Qe5 32. Ra4 Qb2 33. h4 Qb5 34. Qd4+ Kg6 35. hxg5 hxg5 36. a7 Qb1+ 37. Kh2 Qxc2 38. Ra6 f6 39. Rxc6 Rh8+ 40. Kg3 Qf5 41. Ra6 Ra8 42. c6 Kf7 43. Ra5 Ke6 44. Qe3+ Qe5+ 45. Qxe5+ Kxe5 46. Kg4 Kd6 47. Ra6 d4 48. Kf5 d3 49. Ra3 Kxc6 50. Rc3+ Kb7 51. Rxd3 Rxa7 52. Kxf6 Ra5 53. g4 c5 54. Rc3 Kb6 55. Kxg5 c4+ 56. Kf6 Kc5 57. f4 Kd4 58. Rc1 Ra6+ 59. Kg7 Ra7+ 60. Kh6 Ra6+ 61. Kh5 c3 62. f5 Kd3 63. g5 Kd2 64. Rg1 c2 65. f6 Re6 66. Rg2+ Re2 67. Rxe2+ Kxe2 68. f7 c1Q 69. f8Q Qh1+ 70. Kg6 Qc6+ 71. Qf6 Qe4+ 72. Kg7 Qb7+ 73. Qf7 Qb2+ 74. Kh7 Qc2+ 75. g6 Qe4 76. Kg8 1-0

[Event "Titled Tuesday intern op 9th June"]
[Site "Chess.com INT"]
[Date "2020.06.09"]
[Round "9"]
[White "Swicarz, Maciej"]
[Black "Mukhutdinov, Tigran"]
[Result "0-1"]
[WhiteElo "2325"]
[BlackElo "2286"]
[PlyCount "108"]
[EventDate "2020.06.09"]
[EventType "swiss (blitz)"]
[EventRounds "10"]
[EventCountry "USA"]
[SourceTitle "CBM 196 Extra"]
[Source "ChessBase"]
[SourceDate "2020.07.31"]
[SourceVersion "1"]
[SourceVersionDate "2020.07.31"]
[SourceQuality "1"]

1. c4 e5 2. Nc3 Bb4 3. Nd5 Na6 4. a3 Ba5 5. b4 c6 6. Nc3 Bc7 7. e4 Nf6 8. Nf3 0-0 9. d3 d5 10. Be2 d4 11. Na4 b6 12. 0-0 c5 13. bxc5 bxc5 14. Ne1 Bd7 15. f4 exf4 16. Bxf4 Bxf4 17. Rxf4 Rb8 18. Qc2 Qa5 19. Nb2 Rb7 20. Rf1 Nb8 21. Nf3 Nc6 22. Nd1 Ng4 23. h3 Nge5 24. Nf2 Rfb8 25. Rfb1 Rxb1+ 26. Rxb1 Rb6 27. Rxb6 axb6 28. Qb3 Nxf3+ 29. Bxf3 Qe1+ 30. Kh2 Qxf2 31. Qxb6 Qh4 32. e5 Qd8 33. Qxc5 Qa5 34. Qb5 Qxb5 35. cxb5 Nxe5 36. b6 Nxf3+ 37. gxf3 Bc8 38. Kg3 f6 39. Kf4 Bb7 40. a4 Kf7 41. a5 Ke6 42. h4 Kd5 43. Kf5 Kc5 44. f4 Bc8+ 45. Ke4 Kb5 46. Kxd4 Kxa5 47. Kc5 Ka6 48. d4 Kb7 49. d5 Bg4 50. d6 h5 51. Kb5 Bh3 52. Kc5 Bd7 53. Kc4 Kxb6 54. Kd5 Kb5 0-1